000
00230nam a2200097Ia 4500
001
652951
005
20250826154448.0
008
250824s9999 xx 000 0 und d
245
0
_a
HZ HATİCE
_c
SERAP YAVUZ
260
_b
BEYAN YAYINLARI
999
_c
652951
_d
652951